Piłkarze za których zapłacono najwięcej - Statystyki

Ogólne statystyki
  • Ten quiz został rozwiązany 166 razy
  • Średni wynik to 5 z 15
Statystyki odpowiedzi
Hint Odpowiedź % Poprawnych
310 mln Neymar
94%
180 mln Kylian Mbappe
91%
247 mln Cristiano Ronaldo
88%
175 mln Ousmane Dembele
40%
180,30 mln Philippe Coutinho
37%
333,36 mln Romelu Lukkaku
29%
150 mln Eden Hazard
28%
169,10 mln Zlatan Ibrahimović
22%
125,52 Luis Suarez
20%
189 mln Alvaro Morata
14%
179 mln Angel Di Maria
14%
159 mln Gonzalo Higuain
9%
148,63 mln James Rodriguez
6%
180 mln Antoine Greizmann
4%
126,94 mln Hernan Crespo
0%
Nie znaleziono quizów pasujących do podanych kryteriów
Rozkład punktacji
Procent ludzi z każdym wynikiem
Percentyl według liczby udzielonych odpowiedzi
Twoja historia wyników
Nie rozwiązałeś tego quizu